Personaggi di Super Mario Kart - Statistics

Statistiche generali
  • Questo quiz è stato fatto 114 volte
  • Il punteggio medio è 7 su 8
Statistiche sulle risposte
Personaggio % Corretto
Luigi
100%
Mario
100%
Peach
97%
Toad
91%
Yoshi
89%
Bowser
87%
Koopa
64%
Donkey Kong Jr.
59%
Nessun quiz corrispondente trovato
Distribuzione punteggi
Percentuale di utenti per punteggio
Percentile per numero di risposta
I tuoi punteggi nel tempo
Non hai fatto questo quiz